Microsoft Office pro Windows 95 Resource Kit : Oficiální technická příručka pro instalování, konfigurování a ladění Microsoft Office pro Windows 95 /

Na minha lista:
Detalhes bibliográficos
Formato: Livro
Idioma:tcheco
Publicado em: Praha : Computer Press, 1996
Edição:1.vyd.
Assuntos:
Tags: Adicionar Tag
Sem tags, seja o primeiro a adicionar uma tag!

MARC

LEADER 00000nam a22000003a 4500
001 stu45748
005 20150408180238.4
008 970307s1996----cs------------------cze-d
040 |a STU  |b slo 
041 0 |a cze 
044 |a cs 
080 |a 681.3.066(086.7) 
245 |a Microsoft Office pro Windows 95 Resource Kit :  |b Oficiální technická příručka pro instalování, konfigurování a ladění Microsoft Office pro Windows 95 /  |c Z angl. kol 
250 |a 1.vyd. 
260 |a Praha :  |b Computer Press,  |c 1996 
650 7 |a MS Office  |2 stusub 
650 7 |a Systémy operačné  |2 stusub 
650 7 |a CD  |2 stusub 
996 |b 284M044092  |c M*CD-6  |l MMKN  |s A  |a 24  |w stu45748_0001 
996 |b MCD 19  |c M*CD-19  |l MMKN  |s A  |a 24  |w stu45748_0002